四川省辖县级行政区地图 County-level administrative divisions of Sichuan - Statistics

General Stats
  • This quiz has been taken 1 424 times
  • The average score is 82 of 183
Answers on the Map
Answers color-coded by a green-red scale on the quiz's map according to % correct below.
 
Answer Stats
县级类 地名 % Correct
县级市 都江堰市
86%
市辖区 青羊区
81%
市辖区 武侯区
81%
县级市 简阳市
81%
汶川县
80%
市辖区 金牛区
79%
理塘县
78%
县级市 康定市
78%
市辖区 双流区
77%
县级市 西昌市
77%
县级市 马尔康市
74%
九寨沟县
72%
市辖区 郫都区
72%
市辖区 成华区
69%
市辖区 青白江区
68%
市辖区 龙泉驿区
67%
县级市 广汉市
66%
县级市 峨眉山市
66%
市辖区 锦江区
65%
县级市 邛崃市
65%
县级市 江油市
65%
自治县 北川羌族自治县
65%
县级市 彭州市
64%
县级市 阆中市
63%
市辖区 温江区
62%
县级市 绵竹市
62%
县级市 什邡市
62%
市辖区 自流井区
62%
市辖区 新都区
61%
县级市 崇州市
60%
稻城县
60%
阿坝县
59%
茂县
59%
甘孜县
59%
泸定县
59%
市辖区 新津区
58%
金堂县
58%
剑阁县
58%
大邑县
57%
巴塘县
56%
松潘县
55%
市辖区 东区
55%
理县
54%
市辖区 西区
54%
若尔盖县
53%
小金县
52%
蒲江县
51%
泸县
51%
县级市 会理市
50%
资中县
50%
市辖区 雨城区
50%
市辖区 贡井区
50%
红原县
49%
市辖区 广安区
49%
市辖区 东坡区
49%
米易县
49%
石渠县
48%
县级市 射洪市
48%
古蔺县
47%
南部县
47%
盐边县
47%
中江县
46%
市辖区 市中区
46%
市辖区 涪城区
46%
青川县
45%
叙永县
45%
西充县
45%
安岳县
45%
黑水县
44%
市辖区 达川区
44%
大竹县
44%
县级市 万源市
44%
县级市 华蓥市
44%
自治县 峨边彝族自治县
44%
平武县
44%
金川县
43%
雅江县
43%
自治县 马边彝族自治县
43%
美姑县
43%
自治县 木里藏族自治县
43%
德格县
42%
市辖区 安州区
42%
县级市 隆昌市
42%
天全县
42%
市辖区 翠屏区
42%
壤塘县
41%
渠县
41%
市辖区 旌阳区
41%
市辖区 罗江区
41%
青神县
41%
三台县
41%
宣汉县
40%
白玉县
40%
市辖区 利州区
40%
盐源县
40%
大英县
40%
市辖区 名山区
40%
市辖区 巴州区
39%
得荣县
39%
色达县
39%
市辖区 朝天区
39%
合江县
39%
市辖区 仁和区
39%
汉源县
39%
芦山县
39%
石棉县
39%
乐至县
39%
炉霍县
38%
市辖区 金口河区
38%
市辖区 五通桥区
38%
市辖区 江阳区
38%
市辖区 龙马潭区
38%
市辖区 彭山区
38%
仁寿县
38%
市辖区 叙州区
38%
荣县
38%
九龙县
37%
雷波县
37%
市辖区 游仙区
37%
梓潼县
37%
市辖区 嘉陵区
37%
丹巴县
36%
乡城县
36%
邻水县
36%
犍为县
36%
会东县
36%
越西县
36%
高县
36%
珙县
36%
市辖区 雁江区
36%
富顺县
36%
通江县
35%
冕宁县
35%
仪陇县
35%
威远县
35%
蓬溪县
35%
市辖区 通川区
34%
道孚县
34%
市辖区 前锋区
34%
旺苍县
34%
洪雅县
34%
市辖区 船山区
34%
市辖区 恩阳区
33%
岳池县
33%
苍溪县
33%
市辖区 顺庆区
33%
南江县
32%
夹江县
32%
布拖县
32%
荥经县
32%
市辖区 昭化区
31%
昭觉县
31%
平昌县
30%
德昌县
30%
丹棱县
30%
宝兴县
30%
市辖区 大安区
30%
开江县
29%
新龙县
29%
甘洛县
29%
金阳县
29%
喜德县
29%
盐亭县
29%
营山县
29%
市辖区 安居区
29%
市辖区 南溪区
29%
兴文县
29%
市辖区 沿滩区
29%
武胜县
28%
普格县
28%
市辖区 纳溪区
28%
市辖区 高坪区
28%
江安县
28%
筠连县
28%
市辖区 沙湾区
27%
蓬安县
27%
宁南县
26%
市辖区 东兴区
26%
屏山县
26%
长宁县
26%
井研县
25%
沐川县
25%
No matching quizzes found
Score Distribution
Percent of People with Each Score
Percentile by Number Answered
Your Score History
You have not taken this quiz